000
00329nam a22001457a 4500
008
230330b ||||| |||| 00| 0 eng d
020
_a
9780673991903
041
_a
eng
080
_a
611.85
082
_a
611.85STE
100
_a
15
101
_a
HISTOLOGY
245
_a
A COLOR ATLAS OF HISTOLOGY
_c
STRETE.D
942
_2
udc
_c
BK
999
_c
59483
_d
59483